Estado de situación de la conservación del patrimonio construido en Chile: informe preliminar
Saved in:
| 主要作者: | |
|---|---|
| 其他作者: | |
| 格式: | 圖書 |
| 語言: | 西班牙语 |
| 出版: |
Santiago
Universidad Internacional SEK
1996
Santiago CONPAL 1996 |
| 主題: | |
| 標簽: |
添加標簽
沒有標簽, 成為第一個標記此記錄!
|
MARC
| LEADER | 00000nam a2200000 a 4500 | ||
|---|---|---|---|
| 001 | UCL2858 | ||
| 003 | CL-VaPUC | ||
| 008 | 031107e19960000cl |||||||||||||||||spa|d | ||
| 020 | |a 9567137129 | ||
| 082 | 0 | 4 | |a 720.983 |b PIR |2 21 |
| 100 | 0 | |a Pirozzi Villanueva, Antonino |e author |9 480003 | |
| 700 | |a Migone Rettig, Jaime |e autor |9 592374 | ||
| 245 | 1 | 0 | |a Estado de situación de la conservación del patrimonio construido en Chile: informe preliminar |
| 300 | |a 189 p | ||
| 942 | |c BK | ||
| 945 | |d 20031107 00:00:00 |a cmena | ||
| 260 | |a Santiago |b Universidad Internacional SEK |c 1996 | ||
| 260 | |a Santiago |b CONPAL |c 1996 | ||
| 650 | 0 | |a Arquitectura |9 804558 | |
| 650 | 0 | |a Patrimonio cultural |9 309364 | |
| 650 | 0 | |a Diseño arquitectónico |9 265271 | |
| 650 | 7 | |a PRESERVACION DE LOS MONUMENTOS |2 CL-VaPUC |9 346946 | |
| 651 | 7 | |a CHILE |2 CL-VaPUC |9 480006 | |
| 583 | |a last modification |c 20171220 04:05:53 |k Rodrigo Vera | ||
| 999 | |c 306033 |d 306031 | ||
| 952 | |0 0 |1 0 |4 0 |6 720_983000000000000_PIR_1996_1996 |7 0 |8 A |9 370707 |a BIBHIS |b BIBHIS |d 2019-11-21 |i 3951502 |o 720.983 PIR 1996 1996 |p 3951502 |r 2025-01-20 |w 2019-11-21 |y BK |k HIS | ||